000 00483nam a2200145Ia 4500
041 _aArabic
082 _a297.13 cut-972 ج
100 _a20260118u\\\\\\\\\\\y0engy0103\\\\ba
100 _aمحمد بن احمد جهلان
245 0 _aفعالية القراءة واشكالية تحديد المعنى في النص القراني
250 _aط1
260 _bدار صفحات للدراسات والنشر
_aدمشق - سوريا
_c2008
300 _a320
942 _cBk
999 _c190514
_d190514